000 00737nam a2200181Ia 4500
008 151202s9999||||xx |||||||||||||| ||und||
082 _bPNVM-65948
100 _aव्दादशीवार सुरेश.
245 _aएकशे अकरावी दुरुस्ती.
260 _b"विद्या विकास पब्लिशर्स प्रा.लि.,नागपूर."
260 _c2004
300 _a192
600 _aव्दादशीवार सुरेश.
630 _aएकशे अकरावी दुरुस्ती.
700 _aव्दादशीवार सुरेश.
730 _aएकशे अकरावी दुरुस्ती.
942 _cBOOK
999 _c1332480
_d1332477